000 00735nam a22002177a 4500
003 UA-OsUOA
001 67272
007 ta
008 20100217b un ||||| |||| 00| 0 ukr d
100 _aСимоненко В.К.
090 _a330(4770
_bС37
942 _cSA
040 _aUA-OsUOA
_bukr
_cUA-OsUOA
_dUA-OsUOA
245 _aСтановлення інноваційної моделі розвитку економіки України: проблеми центральної влади і регіонів
300 _aС.7-16
955 _a0
041 _aukr
080 _a330(4770
773 0 _w67271
_tРегіональна економіка
_dЛьвів
_d2009
_g3
650 7 _a330 Економіка взагалі
_2UDC
999 _c353288
_d353288